Los Hechos de los apóstoles
Uloženo v:
| Hlavní autor: | |
|---|---|
| Médium: | Kniha |
| Jazyk: | španělština |
| Vydáno: |
Portavoz Evangélico.
1981.
|
| Témata: | |
| Tagy: |
Přidat tag
Žádné tagy, Buďte první, kdo vytvoří štítek k tomuto záznamu!
|
MARC
| LEADER | 00000nam a22000005a 4500 | ||
|---|---|---|---|
| 001 | 1597 | ||
| 003 | CL-ChBUA | ||
| 005 | 20170829091356.0 | ||
| 007 | ta | ||
| 008 | 070301s1981 sp 000 0 spa | ||
| 040 | |a CL-ChBUA |c CL-ChBUA |e rda | ||
| 082 | 0 | 0 | |a 226.67 |
| 100 | 1 | |a Ryrie, Charles Caldwell. | |
| 245 | 1 | 0 | |a Los Hechos de los apóstoles |
| 260 | |b Portavoz Evangélico. |c 1981. | ||
| 300 | |a 96 p. |c 19 cm. | ||
| 630 | 4 | |a BIBLIA |x NUEVO TESTAMENTO |x COMENTARIOS | |
| 650 | 4 | |a HECHOS DE LOS APOSTOLES |x COMENTARIOS | |
| 942 | |c LIB |2 ddc | ||
| 945 | |0 nac | ||
| 952 | |0 0 |1 0 |4 0 |7 0 |9 2272 |a UNACH |b UNACH |c 200 |d 2007-03-05 |i 19.601. |l 8 |m 1 |o 226.67 / R 995. |p 3271 |r 2023-06-06 00:00:00 |s 2021-01-20 |u 2272 |w 2012-08-08 |y LIB |k 226.67 / R 995. | ||
| 999 | |c 1597 |d 1597 | ||